000 00212 a2200097 4500
001 42838
100 _aIqbal M.J
245 _aPakistan versus India
260 _aKarachi
_bJavid Iqbal
_c
090 _c26728
_d26728
942 _aNUST-CAE
_cM
_c18589
999 _c277911
_d277911